An Interview with Political Prisoners in a Soviet Perm Camp (Запис № 572162)

МАРК-запис
000 -Лідер
fixed length control field 00745 a2200229 4500
001 - Контрольний номер
control field 216222010
003 - Ідентифікатор контрольного номера
control field UA-OsUOA
005 - Дата та час останнього входження (трансакції)
control field 20220306175023.0
008 - Елементи даних фіксованої довжини – загальна інформація
fixed length control field 220208b un ||||| |||| 00| 0 ukr d
040 ## - Джерело каталогізації
Агенція оригінальної каталогізації UA-OsUOA
Мова каталогізації eng
Агенція, яка здійснювала перезапис UA-OsUOA
Агенція, яка здійснювала модифікацію UA-OsUOA
041 ## - Код мови
Код мови тексту/ звукової доріжки чи окремого заголовка (П) eng
080 ## - Індекс Універсальної десяткової класифікації
Індекс Універсальної десяткової класифікації (УДК) (НП) 94(477).124.1
090 ## - Локальний шифр розміщення
Класифікаційний індекс УДК 94(477).124.1
Авторський знак (НП) A53
245 ## - Відомості про назву
Назва (НП) An Interview with Political Prisoners in a Soviet Perm Camp
Дані про відповідальність (НП) edit. Orest Olhovych
260 ## - Публікація, розповсюдження і т.п. (Вихідні дані)
Ім’я/ наймення видавництва, розповсюджувача і т.п. (П) Smoloskyp
Дата публікації, розповсюдження і т.п. (П) 1978
300 ## - Фізичний опис
Обсяг 30 p.
591 ## - Дарувальник
Прізвище та ініціали особи Ольга Матула
650 ## - Додаткове предметне введення – тематичний термін
Джерело заголовка чи терміна UDC
Тематичний термін чи географічна назва, як елемент введення (НП) 94(477) Історія України
942 ## - Додаткові елементи входу (Коха)
Тип елемента Koha Книги
Source of classification or shelving scheme Universal Decimal Classification
955 ## - Код типу видання за змістом
Код типу видання за змістом (НП) Наукові видання
Фонди
Стан вилучень Стан втрат Джерело класифікації або схеми стелажів Стан уражень Не для кредиту Постійне місце розташування Поточне розміщення Дата придбання Джерело придбання Вартість, звичайна ціна покупки Інвентарний номер Усього замовленно Повний номер виклику Штрих-код Дата останнього перегляду Ціна ефективна від Тип елемента Koha
    Universal Decimal Classification     Наукова бібліотека ІДУД Наукова бібліотека ІДУД 08/02/2022 Акт надходження № 1 (25.01.2022 від О. Матули) 1.00 2140188   94(477).124.1 A53 2140188 08/02/2022 08/02/2022 Книги